header

Professional Outlook 2007 programming (Record no. 77309)

MARC details
000 -LEADER
fixed length control field 01416nam a2200385 a 4500
082 04 - DEWEY DECIMAL CLASSIFICATION NUMBER
Classification number 005.5/7
100 1# - MAIN ENTRY--AUTHOR NAME
Personal name Slovak, Ken.
245 10 - TITLE STATEMENT
Title Professional Outlook 2007 programming
260 ## - PUBLICATION, DISTRIBUTION, ETC. (IMPRINT)
Place of publication Indianapolis, IN :
Name of publisher Wrox/Wiley Pub., Inc.,
Year of publication c2007.
300 ## - PHYSICAL DESCRIPTION
Number of Pages xx, 454 p. :
Other physical details ill.
490 1# - SERIES STATEMENT
Series statement Wrox prfessional guides
500 ## - GENERAL NOTE
General note "Programmer to programmer"--Cover.
General note Includes index.
650 #0 - SUBJECT ADDED ENTRY--TOPICAL TERM
Topical Term Personal information management.
Topical Term Business
856 40 - ELECTRONIC LOCATION AND ACCESS
Uniform Resource Identifier http://site.ebrary.com/lib/rucke/Doc?id=10296343

No items available.

© 2026 Rongo University
Contact us: librarian | system librarian | Rongo university